00753nam a2200217Ia 4500003000400000005001700004008004100021020002200062040000700084041000800091082002200099100001600121245008000137260004000217300001600257365001300273906008100286942001200367999001900379952013700398OSt20230429105657.0210423s1990 xx 000 0 und d a978-0-312-20561-4 cAL aeng a299.93 223bOSHM aOSHO995091 aMaturity: responsibility of being oneselfbInsights for a new way of living aNew YorkbSt. Martins Griffinc1990 axxi,184bPB b399cINR abeing ; Insights ; living ; Maturity: ; new ; oneself ; responsibility ; way 2ddccBK c170470d170470 001040708GENaSACPGbSACPGd2020-01-22eBiblios Book Pointg399.00l0o299.93 OSHMpPG016972r2022-08-24 00:00:00w2021-04-26yBK